Grob's Basic Electronics : (Record no. 1954)
[ view plain ]
| 000 -LEADER | |
|---|---|
| fixed length control field | 01062nac a22002291u 4500 |
| 008 - FIXED-LENGTH DATA ELEMENTS--GENERAL INFORMATION | |
| fixed length control field | 090105t xxu||||| |||| 00| 0 eng d |
| 010 ## - LIBRARY OF CONGRESS CONTROL NUMBER | |
| LC control number | 2006040763 |
| 020 ## - INTERNATIONAL STANDARD BOOK NUMBER | |
| International Standard Book Number | 9780071107457 |
| 020 ## - INTERNATIONAL STANDARD BOOK NUMBER | |
| International Standard Book Number | 0071107452 |
| 082 00 - DEWEY DECIMAL CLASSIFICATION NUMBER | |
| Classification number | 621.3191 |
| Item number | SCH |
| 100 ## - MAIN ENTRY--PERSONAL NAME | |
| Personal name | Schultz, Mitchel E. |
| 9 (RLIN) | 18794 |
| 245 10 - TITLE STATEMENT | |
| Title | Grob's Basic Electronics : |
| Remainder of title | Fundamentals of DC and AC Circuits / |
| Statement of responsibility, etc | Mitchel Schultz. |
| 246 30 - VARYING FORM OF TITLE | |
| Title proper/short title | Basic electronics |
| 260 ## - PUBLICATION, DISTRIBUTION, ETC. (IMPRINT) | |
| Place of publication, distribution, etc | Dubuque, IA : |
| Name of publisher, distributor, etc | McGraw-Hill/Higher Education, |
| Date of publication, distribution, etc | c2007. |
| 300 ## - PHYSICAL DESCRIPTION | |
| Extent | 1 v. (various pagings) : |
| Other physical details | ill. (some col.) ; |
| Dimensions | 29 cm. + |
| Accompanying material | 1 CD-ROM (4 3/4 in.) |
| 500 ## - GENERAL NOTE | |
| General note | Includes index. |
| 650 #0 - SUBJECT ADDED ENTRY--TOPICAL TERM | |
| Topical term or geographic name as entry element | Electric circuits |
| Form subdivision | Textbooks. |
| 9 (RLIN) | 18795 |
| 650 #0 - SUBJECT ADDED ENTRY--TOPICAL TERM | |
| Topical term or geographic name as entry element | Electronics |
| Form subdivision | Textbooks. |
| 9 (RLIN) | 18796 |
| 942 ## - ADDED ENTRY ELEMENTS (KOHA) | |
| Item type | Book - Borrowing |
| Call number prefix | 621.3191 SCH |
| Source of classification or shelving scheme | Dewey Decimal Classification |
| Withdrawn status | Item status | Source of classification or shelving scheme | Damaged status | Not for loan | Vendor | Home library | Current library | Shelving location | Date acquired | Source of acquisition | Total Checkouts | Full call number | Barcode | Date last seen | Date last borrowed | Cost, replacement price | Koha item type | Materials specified (bound volume or other part) |
|---|---|---|---|---|---|---|---|---|---|---|---|---|---|---|---|---|---|---|
| Dewey Decimal Classification | Central Library | Central Library | First floor | 08/09/2010 | 2 | 621.3191 SCH | 000002323 | 15/07/2025 | 09/02/2016 | 270.00 | Book - Borrowing | |||||||
| Dewey Decimal Classification | Central Library | Central Library | First floor | 05/01/2009 | Purchase | 621.3191 SCH | 000015020 | 24/08/2022 | CD | DVD - With book | Lost In Inventory_2018-08-12 |